000 01039nam a22001937a 4500
003 JO-AjAnu
005 20250316121320.0
008 250315b jo ||||| |||| 00| 0 ara d
040 _cJO-AjAnu
041 _hARA
100 _aعليوه، صدام حمزه سلمان
_eمعد
_966510
245 _aشروط انعقاد العقود الإدارية الإلكترونية في القانون الأردني : "دراسة مقارنة" = Conditions for the Conclusion of Electronic Administrative Contracts in Jordanian Law : A Comparative Study
_c / اعداد صدام حمزه سلمان عليوه ؛ اشراف زياد الوحشات
260 _c2025
300 _a81 ورقة
500 _aرسالة جامعية (رسالة ماجستير في القانون) / جامعة عجلون الوطنية (الاردن-عجلون) ، كلية الحقوق، قسم القانون، 2025
650 _vالقانون-العقود الإدارية
700 _aالوحشات، زياد
_965068
_eمشرف
942 _2lcc
_cTHS
_n0
999 _c33897
_d33897